| 000 | 01121cam a22003137a 4500 | ||
|---|---|---|---|
| 003 | CHAP | ||
| 005 | 20220329141415.0 | ||
| 008 | 971013s1987 r 00010 d | ||
| 010 | _a67691 | ||
| 011 | _a68663 | ||
| 035 | _a78136 | ||
| 040 | _cCHAP | ||
| 090 | _aTesis | ||
| 100 | 0 | 0 |
_aGarza Guajardo, Juan José. _947075 |
| 245 | 0 | _aEvaluación del contenido mineral (Ca, Mg, P., Fe y Cu) en 7 especies arbustivas en la región de Marín, N. L. en los meses de mayo - agosto de 1986 | |
| 260 |
_aMarín, N. L. : _bEl autor, _c1987 |
||
| 300 |
_a99 h. _b; gráfs. |
||
| 502 | _aTesis (Ing. Agrónomo Zootecnista) -- Univ. Autónoma de Nuevo León. Fac. de Agronomía | ||
| 590 |
_aALEPH _b10 _c20130110 _lUCH01 _h1403 |
||
| 590 |
_aBATCH-UPD _b10 _c20130110 _lUCH01 _h1944 |
||
| 590 |
_aBATCH-UPD _b10 _c20130410 _lUCH01 _h1307 |
||
| 590 |
_aBATCH-UPD _b10 _c20130914 _lUCH01 _h1919 |
||
| 590 |
_aCONVERSION _b10 _c20130109 _lUCH01 _h1337 |
||
| 650 | 1 | 4 |
_aArbustos _xNuevo Leon. _96736 |
| 650 | 1 | 4 |
_aPlantas _xElementos minerales. _988823 |
| 901 | _aBK | ||
| 942 | _cTESIS | ||
| 949 |
_bBC _cTES _d-31010 _eTS1 _h19847 _i78136 _si |
||
| 999 |
_c67691 _d67691 |
||